00547nam a2200157 a 450000100100000000500170001000800410002704000250006811000320009324000180012524500230014326000780016630000220024495201060026699900170037200003793720201002031135.0130311s1980 dr 000 0 spa d aDO-SdBNPbspacBNPHU1 aRepública Dominicana944713a[Leyes, etc.]10aLey del notariado. aSanto Domingo :bPublicaciones del Colegio Dominicano de Notarios,c1980. a[30 p.] ;c22 cm. 00107-18PDaPDbPDcOId2013-03-11iLF1l0o p37937-10r2020-06-25w2020-06-25yLFPDZNo se presta c37427d37427